|
|
|
|
| LEADER |
00723nab a2200193 i 4500 |
| 001 |
acta51379 |
| 005 |
20250411115251.0 |
| 008 |
180423s1937 hu o 000 hun d |
| 040 |
|
|
|a SZTE Egyetemi Kiadványok Repozitórium
|b hun
|
| 041 |
|
|
|a hun
|
| 100 |
1 |
|
|a Barcsák István
|
| 245 |
1 |
2 |
|a A névtelen hős
|h [elektronikus dokumentum] :
|b levente- vagy legényegyleti előadáson előadható színmű 1 felvonásban /
|c Barcsák István
|
| 260 |
|
|
|c 1937
|
| 300 |
|
|
|a 300-307
|
| 490 |
0 |
|
|a Gyakorlati pedagógia
|v 3 No. 5
|
| 650 |
|
4 |
|a Bölcsészettudományok
|
| 650 |
|
4 |
|a Nyelvek és irodalom
|
| 695 |
|
|
|a Magyar irodalom - dráma
|
| 856 |
4 |
0 |
|u http://acta.bibl.u-szeged.hu/51379/1/gyakorlati_1937_005_300-307.pdf
|z Dokumentum-elérés
|